000 00673nam a2200289Ia 4500
005 20260324114919.0
008 008 260324s9999 xx 000 0 eng d
020 _a9781351023740
037 _aEBOOK
040 _aCRL
040 _beng
040 _cCRL
041 _2eng
041 _aeng
084 _qCRL
100 _aNina C. Gonnella
_91152645
245 0 _aLC-NMR
245 0 _bExpanding the Limits of Structure Elucidation
260 _bTaylor and Francis
260 _c2020
365 _a
365 _b385
856 _uhttp://www.taylorfrancis.com/books/9781351023740
942 _cEBOOK
999 _c1743124
_d1743124